McGraw-Hill encyclopedia of the geological sciences
Αποθηκεύτηκε σε:
| Άλλοι συγγραφείς: | |
|---|---|
| Μορφή: | Βιβλίο |
| Γλώσσα: | English |
| Δημοσίευση: |
New York :
McGraw-Hill,
c1978
|
| Θέματα: | |
| Ετικέτες: |
Προσθήκη ετικέτας
Δεν υπάρχουν, Καταχωρήστε ετικέτα πρώτοι!
|
MARC
| LEADER | 00000pam a2200000 i 4500 | ||
|---|---|---|---|
| 001 | 1/86247 | ||
| 008 | 970404s1978 eng d | ||
| 020 | |a 0-07-045265-2 | ||
| 035 | |l 10006456 | ||
| 040 | |a GR-MY-UA |b gre |e aacr | ||
| 041 | 0 | |a eng | |
| 082 | 0 | |a 550.3 | |
| 245 | 1 | 0 | |a McGraw-Hill encyclopedia of the geological sciences / |c Edited by Daniel N. Lapedes |
| 260 | |a New York : |b McGraw-Hill, |c c1978 | ||
| 300 | |a 915 p.; |b ill.; |c 29 cm | ||
| 504 | |a Includes index | ||
| 650 | 0 | 0 | |a Geology |x Dictionaries. |
| 650 | 0 | 0 | |a Geology |x Encyclopedias. |
| 700 | 1 | |a Lapedes, Daniel N. |4 edt | |
| 852 | |a INST |b LESVOS |e 19970404 |h 550.3 MCG |p 005100019238 |q 005100019238 |t REF |y 23 | ||
| 909 | |a Λ |b 009412 | ||